Asiatische Staaten - Hauptstädte - Statistiken

Allgemein
  • Dieses Quiz wurde 175 mal gespielt
  • Das Durchschnittsergebnis liegt bei 25 aus 32
Antwortstatistiken
Staat Hauptstadt % Korrekt
Türkei Ankara
98%
Russland Moskau
96%
Japan Tokio
95%
Israel Jerusalem
93%
Indien Neu-Delhi
93%
Südkorea Seoul
91%
China Peking
89%
Iran Teheran
88%
Singapur Singapur
84%
Irak Bagdad
83%
Kuwait Kuwait
83%
Vereinigte Arabische Emirate Abu Dhabi
82%
Saudi Arabien Riad
82%
Thailand Bangkok
81%
Afghanistan Kabul
81%
Libanon Beirut
80%
Nordkorea Pjöngjang
79%
Syrien Damaskus
78%
Vietnam Hanoi
77%
Pakistan Islamabad
77%
Taiwan Taipeh
75%
Indonesien Jakarta
74%
Melediven Male
74%
Jordanien Amman
71%
Philippinen Manila
71%
Malaysia Kuala Lumpur
70%
Kasachstan Astana
67%
Nepal Kathmandu
66%
Bangladesch Dhaka
60%
Kambodscha Phnom Penh
51%
Mongolei Ulan Bator
46%
Sri Lanka Colombo
40%
Keine übereinstimmenden Quizze gefunden
Verteilung der Resultate
Anzahl Personen mit jedem Resultat
Perzentil nach korrekt beantworteten Fragen
Ihre Resultats-Entwicklung
Sie haben dieses Quiz noch nicht gespielt